| 000 | 00433nam a2200157Ia 4500 | ||
|---|---|---|---|
| 003 | GCL | ||
| 008 | 140319s9999 xx 000 0 ara d | ||
| 040 |
_aGCL / _cGCL |
||
| 082 | 0 | 4 |
_aد _b050 |
| 100 | 1 | _aمحمد رشاد الطوبى | |
| 245 | 1 | 0 |
_aوجعلن من الماء كل شىء حى (اقرا 507 ) / _cمحمد رشاد الطوبى |
| 300 | _a173 | ||
| 490 |
_aاقرأ _v0 |
||
| 650 | 0 | 4 | _aالماء |
| 942 |
_2ddc _cBK |
||
| 999 |
_c48817 _d48817 |
||